00537nam a2200181Ia 4500001001000000003000500010008004100015010001100056020003000067040000900097082002600106100003400132245010000166260002300266300001000289650000500299650005100304Para_9903CHAP220125s2012 xx 000 0 und d a205285 a978 - 607 - 402 - 492 - 0 cCHAP aPA 632.8 972 T67 2012 aTorres Almaraz, Rodolfo de la aEnfermedades de origen viral en plantas cultivadas en México /c Rodolfo de la Torre Almaraz aMéxico :b UNAM a86 p. a aPlantas x Enfermedades por virus x México